Quizz des portes du monde - Statistiques

Statistiques générales
  • Ce quiz a été pris 30 fois
  • Le résultat moyen est 6 sur 12
Statistiques - réponses
Par images Réponse % Correct
France
81%
Maroc
74%
ÉtatsUnis
70%
PaysBas
63%
Tunisie
59%
Grece
56%
Inde
44%
Irlande
44%
Italie
44%
Portugal
30%
Mexique
26%
Indonesie
11%
Aucun quiz correspondant
Distribution des résultats
% des personnes avec chaque résultat
Percentile par nombre de réponses
Votre historique - résultats
Vous n’avez pas pris ce quiz